| 000 | 00823nam a2200265 i 4500 | ||
|---|---|---|---|
| 001 | 10686 | ||
| 003 | ES-MaACL | ||
| 005 | 20240510063012.0 | ||
| 008 | 900323s1986 sp |||| | spa j | ||
| 017 |
_aB 42219-1986 _bOficina Depósito Legal Barcelona |
||
| 020 | _a8486419077 | ||
| 080 | _a82-14(082.2) | ||
| 245 | 0 | 0 |
_aTrans-textos / _c[selección y traducción de] Jaime Siles. |
| 250 | _a1ª ed. | ||
| 260 |
_aBarcelona : _bJuan Pastor, _c1986. |
||
| 300 |
_a71 páginas ; _c20 cm. |
||
| 490 | 1 |
_aDevenir ; _v8 |
|
| 650 | 0 | 7 |
_aPoesías _9166796 |
| 700 | 1 |
_aSiles, Jaime, _d1951- _epbl _etrl _9106338 |
|
| 830 | 0 |
_aDevenir. _pSerie Poesía ; _v8 _9236243 |
|
| 852 |
_aES-MaACL _jP-1931 N 8 _cDEPO2 _910979 |
||
| 942 |
_2udc _cMONOGRAFIA _n0 |
||
| 999 |
_c10686 _d10686 |
||